General Knowledge 3 - Statistics

General Stats
  • This quiz has been taken 68 times
  • The average score is 8 of 10
Answer Stats
No. Question Answer % Correct
4 Who is the author of the "Harry Potter" series? J.K. Rowling
98%
3 Who developed the theory of relativity? Albert Einstein
97%
6 How many players are on a standard soccer team? 11
95%
7 Which band recorded the album "Abbey Road"? The Beatles
95%
9 What is the most consumed beverage in the world? Water
93%
1 Mount Everest is located in which mountain range? Himalayas
85%
5 What is the name of Simba's father in "The Lion King"? Mufasa
72%
10 What does the acronym "FOMO" stand for? Fear of Missing Out
63%
2 Which empire built the Colosseum in Rome? Roman Empire
52%
8 What does "HTTP" stand for? HyperText Transfer Protocol
12%
No matching quizzes found
Score Distribution
Percent of People with Each Score
Percentile by Number Answered
Your Score History
You have not taken this quiz